000 00615nam a2200229Ia 4500
003 OSt
005 20220928101548.0
006 a|||||r|||| 00| 0
007 ta
008 220927b |||||||| |||| 00| 0 eng d
024 _a47661
037 _cTextual
040 _aSDCL
_cSDCL
_beng
041 _2eng
_aeng
082 _aR3xC57, K5
100 _aAnscombe G E M Au.
_9391659
245 0 _aNew essays on Plato and Aristotle.
260 _aNew York
_b Routledge & Kengan Paul
_c1965
300 _a176
_ccm.
942 _hR3xC57, K5
_cTEXL
_2CC
999 _c707508
_d707508